| 000 | 01130nam a2200289 i 4500 | ||
|---|---|---|---|
| 001 | 17490 | ||
| 003 | ES-MaACL | ||
| 005 | 20251015063041.0 | ||
| 007 | t| | ||
| 008 | 010319s1998 sp ||||1| spa d | ||
| 020 | _a84-259-1071-4 | ||
| 080 | _a28:291 | ||
| 080 | _a21 | ||
| 100 | 1 |
_aBodin, Jean, _d1530-1596 _929706 |
|
| 245 | 1 | 0 |
_aColoquio de los siete sabios sobre arcanos relativos a cuestiones últimas _b: = Colloquium heptaplomeres / _cJ. Bodino ; traducción del latín, Primitivo Mariño ; introducción, Jaime de Salas ; noticia de Primitivo Mariño, Antonio Truyol Serra. |
| 260 |
_aMadrid : _bCentro de Estudios Políticos y Constitucionales, _c1998. |
||
| 300 |
_aXXVIII, 386 p. ; _c23 cm. |
||
| 490 | 1 | _aClásicos políticos | |
| 650 | 1 | 7 |
_aCristianismo y otras religiones _2embne _911436 |
| 650 | 4 |
_aReligión- _xFilosofía _916799 |
|
| 700 | 1 |
_aMariño, Primitivo. _976866 |
|
| 700 | 1 |
_aSalas Ortueta, Jaime de. _9101769 |
|
| 700 | 1 |
_aTruyol y Serra, Antonio, _d1913-2003 _9111597 |
|
| 830 | 0 |
_aClásicos políticos _9180270 |
|
| 852 |
_aES-MaACL _jL-24325 _bR.129518 |
||
| 999 |
_c17490 _d17490 |
||